10 rokov služieb obetiam domáceho násilia v poradniach PON

Bibliographic Details
Main Author: Šípošová, Jana (Author)
Format: Article
Language:Slovak
PhysicalDescription:Fotogr., grafy
ISSN:1337-6675
Subjects:

MARC

LEADER 00000nab a2200000 ar4500
001 vtls009190170
003 SK-MaSNL
005 20260304041906.0
008 080310c2007 xo dr|p|||||||000 b|slo
015 |a SNBRB2008/03  |2 snkbucl 
038 |a SNKBUCL 
040 |a SNKBUCL  |b slo  |c SNKBUCL  |e AACR2 
041 |a slo 
044 |a xo  |c SK 
080 |a 364.442.2(437.6):061.66  |2 1997 
100 1 |a Šípošová, Jana  |4 aut  |9 810832 
245 1 0 |a 10 rokov služieb obetiam domáceho násilia v poradniach PON  |c Jana Šípošová 
246 3 |a Desať rokov služieb obetiam domáceho násilia v poradniach PON 
300 |b Fotogr., grafy 
610 2 7 |a Pomoc obetiam násilia (občianske združenie : Slovensko)  |2 snkbucl  |9 270517 
650 0 7 |a domáce násilie  |x poradne  |2 snkbucl  |9 1324103 
650 0 7 |a obete domáceho násilia  |x poradne  |2 snkbucl  |9 1324104 
651 7 |a Slovensko  |2 snkbucl 
773 0 |t Spolu  |g Roč. II, č. 3-4 (2007), s. 16-17  |x 1337-6675 
852 |a SNK  |b KIS3GCP 
958 |a SK 
999 |c 2671021  |d 2672951